| 000 | 00644nam a2200241 a 4500 | ||
|---|---|---|---|
| 001 | 0001-0986 | ||
| 003 | ELIB.Books | ||
| 008 | 141010 2010 eng | ||
| 020 | _aKBTS | ||
| 035 | _a(ELIB.Books)0001-1140 | ||
| 092 |
_a268.433 But _bBut |
||
| 100 | _aButterfield, Oliver M. | ||
| 245 | _aLove Problems of Adolescence | ||
| 260 |
_aKBTS; Insein _bKaren Baptist Theological Seminary _c1941 |
||
| 300 |
_a212 _c23.5 Cm |
||
| 500 | _aDr. Yahalaylayla | ||
| 650 | _aChristian Education | ||
| 856 |
_nKBTS; Library _uKBTS; Elib. |
||
| 942 |
_2ddc _cBK |
||
| 990 | _a1 | ||
| 998 |
_cbat _e2014-10-10 |
||
| 999 |
_c10986 _d10986 |
||